[Event "USA-chT Amateur East"]
[Site "Parsippany"]
[Date "2012.02.18"]
[Round "1"]
[White "Kekelidze, Mikheil"]
[Black "Salman, Joel"]
[Result "1-0"]
[WhiteElo "2458"]
[BlackElo "2171"]
[PlyCount "81"]
[EventDate "2012.02.18"]
[EventType "team-swiss"]
[EventRounds "6"]
[EventCountry "USA"]
[SourceTitle "CBM 147 Extra"]
[Source "ChessBase"]
[SourceDate "2012.04.24"]
[SourceVersion "1"]
[SourceVersionDate "2012.04.24"]
[SourceQuality "1"]

1. d4 Nf6 2. Bg5 c5 3. d5 Qb6 4. Nc3 Qxb2 5. Bd2 Qb6 6. e4 d6 7. f4 g6 8. Nf3 Bg7 9. Bb5+ Nfd7 10. 0-0 0-0 11. a4 Na6 12. Rb1 Qd8 13. Ne2 Nc7 14. Bxd7 Qxd7 15. c4 b6 16. Bc3 Ba6 17. Bxg7 Kxg7 18. Qc2 e6 19. Ng3 exd5 20. exd5 f5 21. h4 Rae8 22. h5 Qe7 23. Rb3 Qf6 24. Kf2 Re7 25. Rh1 Rfe8 26. Qc1 Kg8 27. Rd3 Re4 28. Nxe4 fxe4 29. Qc3 Qxc3 30. Rxc3 exf3 31. hxg6 hxg6 32. Kxf3 Bc8 33. g4 Bd7 34. Rc2 Bxa4 35. Rch2 Kf8 36. Rh7 Bc2 37. R1h6 Be4+ 38. Kg3 Nxd5 39. cxd5 Bxd5 40. Rxg6 Rd8 41. Rh8+ 1-0

[Event "Nassau CC-ch"]
[Site "Mineola"]
[Date "2007.11.05"]
[Round "4"]
[White "Weser, Adam"]
[Black "Salman, Joel"]
[Result "1/2-1/2"]
[WhiteElo "2070"]
[BlackElo "2204"]
[PlyCount "86"]
[EventDate "2007.10.15"]
[EventType "swiss"]
[EventRounds "10"]
[EventCountry "USA"]
[SourceTitle "EXT 2009"]
[Source "ChessBase"]
[SourceDate "2008.11.26"]
[SourceVersion "1"]
[SourceVersionDate "2008.11.26"]
[SourceQuality "1"]

1. d4 Nf6 2. c4 e6 3. Nc3 Bb4 4. e3 c5 5. d5 Bxc3+ 6. bxc3 d6 7. Bd3 e5 8. e4 Nbd7 9. Ne2 Qe7 10. Bg5 h6 11. Bd2 Nf8 12. 0-0 g5 13. Qc1 Ng6 14. g3 Bh3 15. Re1 Nh5 16. Kh1 Qf6 17. Ng1 Qxf2 18. Nxh3 Qf3+ 19. Kg1 Qxd3 20. Qd1 Nf6 21. Qa4+ Ke7 22. Rad1 Qf3 23. Rf1 Qg4 24. Nf2 Qd7 25. Qxd7+ Nxd7 26. Ng4 f6 27. Ne3 Nb6 28. Nf5+ Kd7 29. Nxd6 Rhf8 30. Nxb7 Nxc4 31. Nxc5+ Kd6 32. Ne6 Rf7 33. Rf2 Nf8 34. Nxf8 Raxf8 35. Rb1 f5 36. Rbf1 f4 37. Bc1 Rb7 38. Kg2 Rg7 39. a4 Rb8 40. Ra2 Rb3 41. Raf2 Rgb7 42. Rc2 a5 43. Kf2 Kc5 1/2-1/2

[Event "New York Marshall CC-ch 87th"]
[Site "New York"]
[Date "2003.12.12"]
[Round "6"]
[White "Sena, Juan Oscar"]
[Black "Salman, Joel"]
[Result "1-0"]
[WhiteElo "2163"]
[BlackElo "2234"]
[PlyCount "99"]
[EventDate "2003.12.07"]
[EventType "swiss"]
[EventRounds "9"]
[EventCountry "USA"]
[SourceTitle "CBM 097 Extra"]
[Source "ChessBase"]
[SourceDate "2004.01.13"]
[SourceVersion "1"]
[SourceVersionDate "2004.01.13"]
[SourceQuality "1"]

1. e4 c5 2. Nf3 Nc6 3. d4 cxd4 4. Nxd4 Nf6 5. Nc3 e5 6. Ndb5 d6 7. Bg5 a6 8. Na3 b5 9. Bxf6 gxf6 10. Nd5 Bg7 11. Bd3 Ne7 12. Nxe7 Qxe7 13. 0-0 0-0 14. c4 f5 15. Qf3 Qb7 16. exf5 Qxf3 17. gxf3 bxc4 18. Be4 Rb8 19. Rfd1 Rxb2 20. Nxc4 Rb4 21. Nxd6 a5 22. Rac1 Ba6 23. Bd5 Be2 24. Re1 Rd4 25. Bxf7+ Kh8 26. Rxe2 Rxd6 27. Be6 Bf6 28. Rc7 Bd8 29. Rb7 Rb6 30. Rxb6 Bxb6 31. Rxe5 Kg7 32. Rb5 Rb8 33. Kg2 Kf6 34. h4 Bc7 35. Rc5 Bb6 36. Rc6 Bd4 37. Rd6 Bc5 38. Rd7 Be7 39. Ra7 Rb5 40. f4 Rc5 41. h5 h6 42. Kg3 Rc3+ 43. Kg2 Rc5 44. Kf3 Rc3+ 45. Ke4 Rh3 46. Rxa5 Rxh5 47. Ra8 Rh1 48. Rg8 Bc5 49. Rg6+ Ke7 50. Kd5 1-0

[Event "New York Masters 58th"]
[Site "New York"]
[Date "2003.05.27"]
[Round "1"]
[White "Salman, Joel"]
[Black "Milman, Lev"]
[Result "1/2-1/2"]
[WhiteElo "2236"]
[BlackElo "2326"]
[PlyCount "77"]
[EventDate "2003.05.20"]
[EventType "swiss (rapid)"]
[EventRounds "4"]
[EventCountry "USA"]
[SourceTitle "CBM 094 Extra"]
[Source "ChessBase"]
[SourceDate "2003.07.09"]
[SourceVersion "2"]
[SourceVersionDate "2003.07.09"]
[SourceQuality "1"]

1. d4 d5 2. c4 e6 3. Nc3 c6 4. e3 Nf6 5. Nf3 Nbd7 6. Bd3 dxc4 7. Bxc4 b5 8. Be2 a6 9. 0-0 c5 10. a3 Bb7 11. dxc5 Bxc5 12. b4 Be7 13. Bb2 0-0 14. a4 bxa4 15. Qxa4 Qb6 16. b5 a5 17. Qd4 Rfc8 18. Na4 Qxd4 19. Nxd4 Nd5 20. Rfc1 Nc5 21. Nxc5 Bxc5 22. Nc6 Bb6 23. Bf3 Bxc6 24. bxc6 Kf8 25. Ba3+ Ke8 26. Rab1 Bd8 27. g3 Be7 28. Bxe7 Kxe7 29. Bxd5 exd5 30. Rc5 Kd6 31. Rbb5 a4 32. Rxd5+ Kc7 33. Ra5 a3 34. Rd7+ Kxc6 35. Rda7 Rxa7 36. Rxa7 Kd6 37. Rxa3 h5 38. Ra7 Ke6 39. h4 1/2-1/2

[Event "Bermuda op"]
[Site "Southampton"]
[Date "2003.02.09"]
[Round "5"]
[White "Faulks, Nick"]
[Black "Salman, Joel"]
[Result "0-1"]
[WhiteElo "2041"]
[BlackElo "2236"]
[PlyCount "28"]
[EventDate "2003.02.??"]
[EventType "swiss"]
[EventRounds "5"]
[EventCountry "BER"]
[SourceTitle "EXT 2004"]
[Source "ChessBase"]
[SourceDate "2003.11.25"]
[SourceVersion "1"]
[SourceVersionDate "2003.11.25"]
[SourceQuality "1"]

1. e4 c5 2. Nc3 Nc6 3. Nf3 e6 4. d4 cxd4 5. Nxd4 Nf6 6. Nxc6 bxc6 7. e5 Nd5 8. Ne4 Qc7 9. f4 Qb6 10. Qf3 Be7 11. a3 0-0 12. Bd3 f6 13. c4 fxe5 14. cxd5 exd5 0-1

[Event "Bermuda op"]
[Site "Southampton"]
[Date "2003.02.09"]
[Round "4"]
[White "Salman, Joel"]
[Black "Edwards, Raymond B"]
[Result "1/2-1/2"]
[WhiteElo "2162"]
[BlackElo "2095"]
[PlyCount "55"]
[EventDate "2003.02.??"]
[EventType "swiss"]
[EventRounds "5"]
[EventCountry "BER"]
[SourceTitle "EXT 2004"]
[Source "ChessBase"]
[SourceDate "2003.11.25"]
[SourceVersion "1"]
[SourceVersionDate "2003.11.25"]
[SourceQuality "1"]

1. d4 d5 2. c4 e6 3. Nf3 Nf6 4. g3 Be7 5. Bg2 0-0 6. 0-0 dxc4 7. Qc2 a6 8. Qxc4 b5 9. Qc2 Bb7 10. Rd1 Be4 11. Qd2 Nbd7 12. Nc3 Bb7 13. b3 c5 14. Bb2 Qb6 15. Rac1 Rfd8 16. Qe1 cxd4 17. Nxd4 Bxg2 18. Kxg2 Bc5 19. Nf3 Qb7 20. h3 Ne5 21. Rxd8+ Rxd8 22. Rd1 Rxd1 23. Qxd1 Be7 24. Nd5 Qxd5 25. Qxd5 Nxd5 26. Nxe5 f6 27. Nd3 Nb4 28. Nxb4 1/2-1/2

[Event "Nassau CC-ch"]
[Site "Mineola"]
[Date "2002.12.09"]
[Round "8"]
[White "Guevara, Robert N"]
[Black "Salman, Joel"]
[Result "1/2-1/2"]
[WhiteElo "1898"]
[BlackElo "2218"]
[PlyCount "93"]
[EventDate "2002.12.10"]
[EventType "swiss"]
[EventRounds "9"]
[EventCountry "USA"]
[SourceTitle "EXT 2004"]
[Source "ChessBase"]
[SourceDate "2003.11.25"]
[SourceVersion "1"]
[SourceVersionDate "2003.11.25"]
[SourceQuality "1"]

1. d4 Nf6 2. Nf3 c5 3. c3 d5 4. g3 Nc6 5. Bg2 Bf5 6. 0-0 e6 7. Nh4 Bg4 8. h3 Bh5 9. dxc5 Bxc5 10. Bg5 h6 11. Bc1 Ne4 12. Qd3 g5 13. g4 Ne5 14. Qb5+ Qd7 15. Qxd7+ Nxd7 16. Nf3 Bg6 17. Nbd2 Nd6 18. b4 Bb6 19. c4 dxc4 20. Bb2 0-0 21. Ne5 Nxe5 22. Bxe5 Rfd8 23. Bxd6 Rxd6 24. Nxc4 Rd4 25. Rac1 Bd8 26. Rfd1 Bf6 27. Rxd4 Bxd4 28. e3 Bf6 29. Bxb7 Rb8 30. Nd6 Be7 31. Rc8+ Rxc8 32. Nxc8 Bxb4 33. Nxa7 Bd3 34. a4 Bc5 35. Nc6 Be4 36. a5 Bxc6 37. Bxc6 Kf8 38. Kg2 Ke7 39. Kf3 Kd6 40. Be8 f6 41. Ke4 Ba7 42. f4 Kc5 43. Ba4 Kb4 44. fxg5 hxg5 45. Bd7 Kxa5 46. Bxe6 Kb4 47. Kd3 1/2-1/2

[Event "Curacao 40th anniv op"]
[Site "Curacao"]
[Date "2002.11.28"]
[Round "9"]
[White "Salman, Joel"]
[Black "Broehl, Stephan"]
[Result "0-1"]
[WhiteElo "2236"]
[BlackElo "2223"]
[PlyCount "40"]
[EventDate "2002.11.02"]
[EventType "swiss"]
[EventRounds "9"]
[EventCountry "AHO"]
[SourceTitle "CBM 091 Extra"]
[Source "ChessBase"]
[SourceDate "2003.01.09"]
[SourceVersion "1"]
[SourceVersionDate "2003.01.09"]
[SourceQuality "1"]

1. d4 d5 2. c4 c6 3. Nf3 Nf6 4. Nc3 dxc4 5. a4 Bg4 6. Ne5 Bh5 7. g3 e6 8. Bg2 Bb4 9. Nxc4 Nd5 10. Qb3 0-0 11. e4 Nxc3 12. bxc3 Qxd4 13. Bd2 Qd3 14. f3 Bxf3 15. Bxf3 Qxf3 16. Rf1 Qxe4+ 17. Be3 b5 18. Qxb4 bxc4 19. Kf2 Nd7 20. Rae1 Ne5 0-1

[Event "Curacao 40th anniv op"]
[Site "Curacao"]
[Date "2002.11.21"]
[Round "4"]
[White "Mensing, Fabio"]
[Black "Salman, Joel"]
[Result "0-1"]
[WhiteElo "2200"]
[BlackElo "2236"]
[PlyCount "88"]
[EventDate "2002.11.02"]
[EventType "swiss"]
[EventRounds "9"]
[EventCountry "AHO"]
[SourceTitle "CBM 091 Extra"]
[Source "ChessBase"]
[SourceDate "2003.01.09"]
[SourceVersion "1"]
[SourceVersionDate "2003.01.09"]
[SourceQuality "1"]

1. Nf3 Nf6 2. d4 e6 3. g3 d5 4. Bg2 Be7 5. c4 0-0 6. 0-0 dxc4 7. Ne5 Nc6 8. Nxc6 bxc6 9. Bxc6 Rb8 10. Na3 Qd6 11. Bg2 Qb4 12. Bd2 Qb6 13. Nxc4 Qxd4 14. Qc2 Ba6 15. b3 Nd5 16. Na5 Qc5 17. Qe4 Nb4 18. a3 Qxa5 19. axb4 Qb5 20. Rfc1 Qxe2 21. Rxc7 Qxd2 22. Rxe7 Rxb4 23. Qf3 Be2 24. Qc6 a6 25. Bh3 Qb2 26. Re1 Qd2 27. Ra1 Bb5 28. Qc7 Re4 29. Qc1 Qb4 30. Rc7 Qxb3 31. Rc8 Rc4 32. Rxf8+ Kxf8 33. Qg5 Rc8 34. Qf4 Qc4 35. Qd6+ Kg8 36. Rd1 g6 37. Qe7 Qc3 38. Qd6 Kg7 39. Qe7 Qf6 40. Qd6 Qc3 41. Bg4 Rc5 42. Qe7 Re5 43. Kg2 Re1 44. Qd8 Bf1+ 0-1

[Event "Nassau CC-ch"]
[Site "Nassau"]
[Date "2001.12.10"]
[Round "9"]
[White "Salman, Joel"]
[Black "Mirabile, Tim"]
[Result "0-1"]
[WhiteElo "2246"]
[BlackElo "2140"]
[PlyCount "56"]
[EventDate "2001.??.??"]
[EventType "swiss"]
[EventRounds "10"]
[EventCountry "USA"]
[SourceTitle "EXT 2003"]
[Source "ChessBase"]
[SourceDate "2002.11.25"]
[SourceVersion "1"]
[SourceVersionDate "2002.11.25"]
[SourceQuality "1"]

1. d4 Nf6 2. c4 g6 3. Nc3 d5 4. cxd5 Nxd5 5. e4 Nxc3 6. bxc3 Bg7 7. Nf3 c5 8. Rb1 0-0 9. Be2 cxd4 10. cxd4 Qa5+ 11. Bd2 Qxa2 12. 0-0 Bg4 13. Bg5 h6 14. Be3 Nc6 15. Rxb7 Rab8 16. Rc7 Rfc8 17. Rxc8+ Rxc8 18. h3 Bxf3 19. Bxf3 Rd8 20. d5 e6 21. Qc1 Ne5 22. Qc7 Rd7 23. Qb8+ Kh7 24. Bd1 exd5 25. Bb3 Qb2 26. Bc1 Qb1 27. exd5 Rxd5 28. Ba3 Nf3+ 0-1

[Event "Nassau CC-ch"]
[Site "Nassau"]
[Date "2001.11.26"]
[Round "7"]
[White "Kreitner, Ilan"]
[Black "Salman, Joel"]
[Result "1/2-1/2"]
[WhiteElo "2200"]
[BlackElo "2246"]
[PlyCount "92"]
[EventDate "2001.??.??"]
[EventType "swiss"]
[EventRounds "10"]
[EventCountry "USA"]
[SourceTitle "EXT 2003"]
[Source "ChessBase"]
[SourceDate "2002.11.25"]
[SourceVersion "1"]
[SourceVersionDate "2002.11.25"]
[SourceQuality "1"]

1. e4 c5 2. Nf3 Nc6 3. d4 cxd4 4. Nxd4 Nf6 5. Nc3 e5 6. Ndb5 d6 7. Nd5 Nxd5 8. exd5 Nb8 9. c4 Be7 10. Be2 0-0 11. 0-0 a6 12. Nc3 Nd7 13. f4 f5 14. Kh1 b6 15. a4 a5 16. Nb5 exf4 17. Bxf4 Nc5 18. Ra3 g5 19. Be3 Bd7 20. Bd4 Rc8 21. Qe1 Bxb5 22. axb5 Bf6 23. Bxc5 Rxc5 24. Qd2 Be5 25. b4 axb4 26. Qxb4 Rc7 27. Ra6 g4 28. Qe1 Rg7 29. g3 f4 30. Bd3 fxg3 31. hxg3 Rg5 32. Kg2 Rg7 33. Bf5 Kh8 34. Qe4 Qg5 35. Ra2 Qh5 36. Bxg4 Rxg4 37. Rxf8+ Kg7 38. Rf4 Bxf4 39. Ra7+ Kh8 40. Ra8+ Rg8 41. Rxg8+ Kxg8 42. Qxf4 h6 43. Kf2 Qf7 44. Qxf7+ Kxf7 45. Kf3 h5 46. Ke4 Kg6 1/2-1/2

[Event "Nassau CC-ch"]
[Site "Nassau"]
[Date "2000.10.30"]
[Round "3"]
[White "Panken, Richard"]
[Black "Salman, Joel"]
[Result "0-1"]
[WhiteElo "1986"]
[BlackElo "2290"]
[PlyCount "104"]
[EventDate "2000.10.??"]
[EventType "swiss"]
[EventRounds "10"]
[EventCountry "USA"]
[SourceTitle "EXT 2003"]
[Source "ChessBase"]
[SourceDate "2002.11.25"]
[SourceVersion "1"]
[SourceVersionDate "2002.11.25"]
[SourceQuality "1"]

1. e4 c5 2. Nf3 Nc6 3. d4 cxd4 4. Nxd4 Nf6 5. Nc3 e5 6. Ndb5 d6 7. Bg5 a6 8. Na3 b5 9. Nd5 Be7 10. Bxf6 Bxf6 11. c3 Bg5 12. Nc2 0-0 13. a4 bxa4 14. Rxa4 a5 15. Bc4 Rb8 16. b3 g6 17. 0-0 Kh8 18. Nce3 f5 19. f3 Bxe3+ 20. Nxe3 Qb6 21. Re1 f4 22. Qxd6 Bb7 23. Qd2 Rbd8 24. Qf2 fxe3 25. Qxe3 Qxe3+ 26. Rxe3 Rd2 27. Bd5 Rb8 28. h3 Nd8 29. c4 Ra8 30. b4 Rd4 31. b5 Bxd5 32. exd5 Nb7 33. Rc3 Nc5 34. Ra2 Kg7 35. Kf2 Kf6 36. Ke3 a4 37. g3 g5 38. g4 Ke7 39. Ra1 Kd6 40. Ra2 Nd7 41. h4 gxh4 42. Rh2 Kc5 43. Rxh4 Nb6 44. Rxh7 Nxc4+ 45. Ke2 a3 46. Rh1 Rd2+ 47. Ke1 a2 48. Rxc4+ Kxc4 49. Kxd2 a1Q 50. Rxa1 Rxa1 51. d6 Kxb5 52. Ke3 Kc6 0-1

[Event "Nassau CC-ch"]
[Site "Nassau"]
[Date "1999.12.06"]
[Round "8"]
[White "Bonin, Jay R"]
[Black "Salman, Joel"]
[Result "1/2-1/2"]
[WhiteElo "2401"]
[BlackElo "2280"]
[PlyCount "74"]
[EventDate "1999.10.18"]
[EventType "swiss"]
[EventRounds "10"]
[EventCountry "USA"]
[SourceTitle "EXT 2003"]
[Source "ChessBase"]
[SourceDate "2002.11.25"]
[SourceVersion "1"]
[SourceVersionDate "2002.11.25"]
[SourceQuality "1"]

1. d4 d5 2. c4 c6 3. Nf3 Nf6 4. Nc3 dxc4 5. a4 Bf5 6. e3 e6 7. Bxc4 Bb4 8. 0-0 0-0 9. Qe2 Ne4 10. Bd3 Bxc3 11. Bxe4 Bb4 12. Bxf5 exf5 13. Bd2 Qa5 14. Bxb4 Qxb4 15. Ne5 a5 16. Qc2 g6 17. Nd3 Qe7 18. b4 axb4 19. Rfb1 Na6 20. Qc4 Rfd8 21. Nxb4 Nxb4 22. Qxb4 Qxb4 23. Rxb4 Ra7 24. Rab1 Rd7 25. h3 h5 26. g3 Kf8 27. Kg2 Ke8 28. Kf3 Kd8 29. Kf4 f6 30. f3 Rd5 31. e4 g5+ 32. Ke3 fxe4 33. fxe4 Rda5 34. Rxb7 Rxb7 35. Rxb7 Rxa4 36. Rf7 Ra3+ 37. Kf2 Ra2+ 1/2-1/2

[Event "US Masters op"]
[Site "Hawaii"]
[Date "1998.07.28"]
[Round "8"]
[White "Strenzwilk, Denis"]
[Black "Salman, Joel"]
[Result "0-1"]
[WhiteElo "2195"]
[BlackElo "2250"]
[PlyCount "66"]
[EventDate "1998.07.??"]
[EventType "swiss"]
[EventRounds "9"]
[EventCountry "USA"]
[SourceTitle "EXT 1999"]
[Source "ChessBase"]
[SourceDate "1998.11.16"]
[SourceVersion "1"]
[SourceVersionDate "1998.11.16"]
[SourceQuality "1"]

1. e4 c5 2. Nf3 Nc6 3. d4 cxd4 4. Nxd4 Nf6 5. Nc3 e5 6. Ndb5 d6 7. Bg5 a6 8. Bxf6 gxf6 9. Na3 b5 10. Nd5 Bg7 11. Bd3 Ne7 12. c3 Nxd5 13. exd5 f5 14. 0-0 0-0 15. Nc2 f4 16. a4 bxa4 17. Rxa4 f5 18. Re1 e4 19. Bf1 f3 20. g3 Rf6 21. Nd4 Rh6 22. Qd2 Qe8 23. Nc6 Qh5 24. h3 Bf6 25. Qf4 Bg5 26. g4 fxg4 27. Qxe4 Bd7 28. Rb4 g3 29. fxg3 Bxh3 30. Bxh3 Qxh3 31. Qxf3 Qh2+ 32. Kf1 Rf8 33. Rb8 Qh1+ 0-1